000 00979cam a22003011 4500
999 _c20375
_d20375
001 3124187
003 BDDh-ASL
005 20231015025900.0
008 710419m19689999enk b 000 0 eng
010 _a 68097966
015 _aB68-04348 (v. 1)
040 _aDLC
_cDLC
_dDLC
_dBDDh-ASL
041 1 _aeng
_hger
050 0 0 _aBP25
_b.G615
082 0 0 _a297.09
_bGOM
100 1 _aGoldziher, Ignác,
_d1850-1921.
240 1 0 _aMuhammedanische Studien.
_lEnglish
245 1 0 _aMuslim studies (Muhammedanische Studien), Volume-1 /
_cedited by S. M. Stern, translated from the German by C. R. Barber and S. M. Stern.
260 _aLondon:
_bAllen & Unwin,
_c1967.
300 _a254 p.
_c23 cm.
350 _a45/- (v. 1)
500 _aTranslation of Muhammedanische Studien.
504 _aBibliographical footnotes.
650 0 _aIslam.
700 1 _aStern, S. M.
_q(Samuel Miklos),
_d1920-1969.
906 _a7
_bcbc
_corignew
_du
_eopcn
_f19
_gy-gencatlg
942 _2ddc
_cBK